00701nam a2200169 4500020001800000082001700018100002300035245005000058260003400108300002300142490006100165500008700226650006500313942000700378999001700385952012900402 a9788126532575 a621.3845 AKA aAkaiwa, Yoshihiko. aIntroduction to digital mobile communication  aNew Delhi, IndiabWileyc1997 axv, 433 p.bill. ; aWiley series in telecommunications and signal processing a"A Wiley-Interscience publication." Includes bibliographical references and index. a1. Mobile communication systems. 2. Digital communications. cBK c12367d12367 001040708NFICaCLbCLcGENd2013-12-27eSaeed Book Bankg783.06l0o621.3845 AKApSEECS012737r2013-12-29w2013-12-29yBK